1822 1232 1459 1512 1512 1277 1323 1505 1894 1004 1791 1643 1495 1398 1358 1143 2000 1690 1648 1402 1054 1339 1943 1270 1953 1056 1947 1339 1369 1968 1646 1907 1486 1104 1798 1294 1185 1230 1479 1965 1775 1175 1722 1164 1250 1817 1242 1542 1319 1864 1152 1970 1792 1466 1701 1703 1453 1197 1391 1264 1494 1539 1805 1466 1726 1240 1487 1215 1410 1550 1113 1587 1129 1741 1146 1163 1085 1377 1782 1013 1172 1386 1464 1938 1284 1986 1740 1964 1357 1390 1708 1144 1255 1684 1365 1546 1952 1196 1534 BCNSPRNW ULIB Ver.6.0+V

เปลี่ยนเป็นภาษาไทย

Change to English
 แสดงรายละเอียดบรรณานุกรม
  กลับหน้าหลัก

Brief Record : Get Marc (ISO 2709) : E-mail record : QR code < ปิดหน้าต่าง
LEADER : 00000nam 2200000uu 4500
001    13399108872
003     ULIB
008    110315s2552||||th 000 0 tha d
020    9876111100945
060  4 WY100^bพ969ก 2552
100 0  ไพทูรย์ มาผิว
245 00 การประยุกต์ใช้ทฤษฎีระบบของนิวแมน:ในการพยาบาลผู้ป่วยปวดหลังส่วนล่าง/^cไพทูรย์ มาผิว
250    พิมพ์ครั้งที่ 2
260    อุตรดิตถ์:^bวิทยาลัยพยาบาลบรมราชชนนี อุตรดิตถ์,^c2552
300    119 หน้า :^ภาพประกอบ
650  7 ผู้ป่วยปวดหลัง
945    ^p150^l0^i025706
995    ทศพร
999 ^a ใช้งานได้ทุกระบบ
รายการนี้ยังไม่มีแท็ก
คุณยังไม่ได้ล็อกอิน คุณสามารถมีกิจกรรมร่วมกับเว็บไซต์ได้ แต่ต้องล็อกอินก่อน ::
  ล็อกอิน

รายการสื่อสารสนเทศ

ลำดับที่ ประเภท เลขเรียก/บาร์โค้ด สถานที่ สถานะ
- ไม่พบข้อมูล -

BibComment


ยังไม่เคยถูกคอมเมนท์

คอมเมนท์ทรัพยากรรายการนี้
  คอมเมนท์: การประยุกต์ใช้ทฤษ..


 Copyright 2026. Bcnsprnw @Library